| 000 | 01082nam a22003257a 4500 | ||
|---|---|---|---|
| 003 | CHAP | ||
| 005 | 20220329133837.0 | ||
| 008 | 971013s1981 r 00010 d | ||
| 010 | _a11680 | ||
| 011 | _a12652 | ||
| 035 | _a15973 | ||
| 040 | _cCHAP | ||
| 082 | 0 | 4 |
_a631.7 _bC45 |
| 110 | 2 |
_aCentro Nacional de Métodos Avanzados de Riego. México _921245 |
|
| 245 | 1 | _aResultados de investigaciones en métodos de riego, 1976-78 | |
| 260 |
_aMéxico : _bEl Centro, _c1981 |
||
| 300 | _a60 h. | ||
| 500 | _aFotocopia | ||
| 590 |
_aBATCH-UPD _b10 _c20130110 _lUCH01 _h0915 |
||
| 590 |
_aBATCH-UPD _b10 _c20130410 _lUCH01 _h0539 |
||
| 590 |
_aBATCH-UPD _b10 _c20130914 _lUCH01 _h1615 |
||
| 590 |
_aCONVERSION _b10 _c20130109 _lUCH01 _h1308 |
||
| 650 | 1 | 4 |
_aHidroponía. _955280 |
| 650 | 1 | 4 |
_aIrrigación. _960366 |
| 901 | _aBK | ||
| 942 | _cLIBRO | ||
| 949 |
_a631.7 C45 _bBC _cLIBRO _d33724000165734 _eLIBRO _fc.2 _h56886 _i15973 _si |
||
| 949 |
_a631.7 C45 _bBC _cLIBRO _d33724000165742 _eLIBRO _fc.3 _h56887 _i15973 _si |
||
| 949 |
_a631.7 C45 _bBC _cLIBRO _d33724000921078 _eLIBRO _h56801 _i15973 _si |
||
| 999 |
_c11680 _d11680 |
||